World Map Countries by Elevation - Statistics

General Stats
  • This quiz has been taken 145 times
  • The average score is 32 of 196
Answers on the Map
Answers color-coded by a green-red scale on the quiz's map according to % correct below.
 
Answer Stats
Country % Correct
Canada
83%
Mexico
82%
United States
82%
Peru
81%
Nepal
80%
Spain
73%
United Kingdom
73%
Switzerland
71%
Norway
69%
South Africa
68%
China
67%
Ethiopia
67%
Australia
64%
Saudi Arabia
62%
Yemen
60%
Indonesia
58%
France
56%
Bhutan
54%
Tanzania
54%
Cuba
52%
Japan
49%
Democratic Republic of the Congo
48%
Iceland
48%
Tajikistan
44%
Zambia
42%
Cameroon
41%
Costa Rica
40%
Jordan
40%
Haiti
38%
Uganda
37%
Bosnia and Herzegovina
34%
Chile
34%
Georgia
34%
Papua New Guinea
34%
Sweden
34%
Brazil
33%
Guinea
33%
Rwanda
33%
Angola
32%
Argentina
32%
Dominican Republic
32%
New Zealand
32%
Republic of the Congo
32%
Austria
31%
Kyrgyzstan
31%
Albania
30%
Philippines
30%
Russia
30%
Madagascar
29%
North Macedonia
29%
Armenia
28%
Bahamas
27%
India
23%
Lesotho
23%
Montenegro
22%
Morocco
22%
Namibia
21%
Serbia
21%
Algeria
20%
Jamaica
19%
Italy
18%
Taiwan
18%
Colombia
17%
Sri Lanka
17%
Germany
16%
Kenya
16%
Panama
14%
Cyprus
13%
Lebanon
11%
Bolivia
10%
Chad
10%
Fiji
10%
Kosovo
10%
Sudan
10%
Vanuatu
10%
Israel
9%
Kiribati
9%
Liechtenstein
9%
Nauru
9%
Tonga
9%
Cape Verde
8%
East Timor
8%
Maldives
8%
Samoa
8%
São Tomé and Príncipe
8%
Solomon Islands
8%
Antigua and Barbuda
7%
Barbados
7%
Burundi
7%
Dominica
7%
Greece
7%
Malta
7%
Palau
7%
Tuvalu
7%
Afghanistan
6%
Andorra
6%
Botswana
6%
Comoros
6%
Federated States of Micronesia
6%
Iran
6%
Marshall Islands
6%
Mauritius
6%
Oman
6%
Saint Kitts and Nevis
6%
Saint Vincent and the Grenadines
6%
Seychelles
6%
Bahrain
4%
Brunei
4%
Central African Republic
4%
Croatia
4%
Egypt
4%
Grenada
4%
Hungary
4%
Ireland
4%
Romania
4%
Saint Lucia
4%
Trinidad and Tobago
4%
United Arab Emirates
4%
Czech Republic
3%
Ecuador
3%
Equatorial Guinea
3%
Guatemala
3%
Kazakhstan
3%
Malaysia
3%
Mongolia
3%
Nicaragua
3%
Pakistan
3%
Portugal
3%
San Marino
3%
Singapore
3%
Slovenia
3%
Bulgaria
2%
Denmark
2%
Eritrea
2%
Eswatini
2%
Finland
2%
Liberia
2%
Luxembourg
2%
Mali
2%
Monaco
2%
Niger
2%
Nigeria
2%
Slovakia
2%
Somalia
2%
Syria
2%
Uruguay
2%
Vatican City
2%
Zimbabwe
2%
Azerbaijan
1%
Belize
1%
Gabon
1%
Gambia
1%
Guyana
1%
Iraq
1%
Kuwait
1%
Libya
1%
Malawi
1%
Mauritania
1%
Mozambique
1%
Netherlands
1%
Paraguay
1%
Poland
1%
Senegal
1%
South Sudan
1%
Turkey
1%
Turkmenistan
1%
Uzbekistan
1%
Bangladesh
0%
Belarus
0%
Belgium
0%
Benin
0%
Burkina Faso
0%
Cambodia
0%
Djibouti
0%
El Salvador
0%
Estonia
0%
Ghana
0%
Guinea-Bissau
0%
Honduras
0%
Ivory Coast
0%
Laos
0%
Latvia
0%
Lithuania
0%
Moldova
0%
Myanmar
0%
North Korea
0%
Qatar
0%
Sierra Leone
0%
South Korea
0%
Suriname
0%
Thailand
0%
Togo
0%
Tunisia
0%
Ukraine
0%
Venezuela
0%
Vietnam
0%
No matching quizzes found
Score Distribution
Percent of People with Each Score
Percentile by Number Answered
Your Score History
You have not taken this quiz